KOHA-Header-6

Trillion Dollar Coach (Record no. 12908)

000 -LEADER
fixed length control field 00260nam a22001217a 4500
020 ## - INTERNATIONAL STANDARD BOOK NUMBER
ISBN 9781473675988
082 ## - DEWEY DECIMAL CLASSIFICATION NUMBER
Classification number 658.40
100 ## - MAIN ENTRY--AUTHOR NAME
Personal name Schmidt, Eric
245 ## - TITLE STATEMENT
Title Trillion Dollar Coach
260 ## - PUBLICATION, DISTRIBUTION, ETC. (IMPRINT)
Place of publication UK
Name of publisher John Murray
Year of publication 2020
300 ## - PHYSICAL DESCRIPTION
Number of Pages 218 pages.
942 ## - ADDED ENTRY ELEMENTS (KOHA)
Koha item type Books
Holdings
Withdrawn status Lost status Collection code Permanent Location Current Location Shelving location Date acquired Full call number Accession Number Koha item type
    English Literature MAJU MAJU Shelf No.A14 2020-12-30 658.40 10016 English Literature

Powered by Koha